000 01020nam a2200289 i 4500
001 130865
003 ES-MaACL
005 20230906193850.0
007 t|
008 070810s1978 sp ||||1| spa d
020 _a84-02-04552-9
080 _a355.48(100)"1939/45"
100 1 _aZentner, Kurt.
_9118189
245 1 3 _aLa Segunda Guerra Mundial /
_cKurt Zentner ; [colaboración Gerb Schreiber ; Mercedes Monteys Kaupp y Antonio Tomás, traducción].
250 _a2ª ed.
260 _aBarcelona :
_bBruguera,
_c1978.
300 _a2 v. ;
_c27 cm.
490 1 _aGrandes guerras de nuestro tiempo ;
_v3-4
505 8 _aContiene: 1. Campañas de 1939 a 1942 -- 2. Campañas de 1944 a 1945
650 4 _aGuerra mundial, 1939-1945-
_xCampañas.
_913230
700 1 _aSchreiber, Gerb.
_9104693
700 1 _aMonteys Kaupp, Mercedes.
_982622
700 1 _aTomás Todolí, Antonio.
_9110530
830 1 _aGrandes guerras de nuestro tiempo ;
_v3-4
_9186848
852 4 _aES-MaACL
_jP-1476
999 _c130865
_d130865